banner-ar

LES RUSSES : (Record no. 4416)

MARC details
000 -الفاتح
حقل البيانات ثابتة الطول 00676nam a2200241Ia 4500
008 - عناصر البيانات ثابتة الطول - معلومات عامة
حقل البيانات ثابتة الطول 140319s9999 xx 000 0 eng d
020 ## - الرقم الدولى المعيارى للكتب
الرقم الدولى المعيارى للكتاب 2253017787
040 ## - مصدر الفهرسة
وكالة الفهرسة الأصلية GCL /
وكالة النسخ GCL
082 04 - رقم تصنيف ديوى العشرى
رقم التصنيف 947.085
رقم المادة S L
100 1# - المدخل الرئيسى - إسم شخصى
الإسم الشخصى SMITH, HEDRICK
245 10 - بيان العنوان
العنوان LES RUSSES :
بقية العنوان LA VIE DE TOUS LES JOURS EN UNION SOVIETIQUE /
بيان المسئوليه,etc SMITH, HEDRICK
700 1# - المدخل الاضافى - اسم شخصى
الإسم الشخصى WATKINS, FRANCE - MAIRE
700 1# - المدخل الاضافى - اسم شخصى
الإسم الشخصى WITTA, JEANNE - MAIRE
700 1# - المدخل الاضافى - اسم شخصى
الإسم الشخصى SISSUNG, MAND
250 ## - بيان الطبعة
بيان الطبعة SECOND
260 ## - PUBLICATION, DISTRIBUTION, ETC. (IMPRINT)
تاريخ النشر أو التوزيع 1976
300 ## - الوصف المادى
التعداد 16 CM ؛
أبعاد الوعاء 718 P
490 ## - بيان السلسلة
عنوان السلسلة LE LIVRE DE POCHE
رقم المجلد/ التعيين التسلسلي 5012
650 04 - المدخل الاضافى بالموضوع-مصطلح موضوعى
مصطلح موضوعي RUSSIA
650 04 - المدخل الاضافى بالموضوع-مصطلح موضوعى
مصطلح موضوعي RUSSIA - HISTORY
942 ## - عناصر المدخل الإضافي( كوها)
مصدر التصنيف او مخطط الترفيف Dewey Decimal Classification
Koha [default] item type كتاب
260 ## - PUBLICATION, DISTRIBUTION, ETC. (IMPRINT)
-- فرنسا :
-- EDITIONS PRINCESSE ،
Holdings
حالة التراجع حالة الفقد حالة تلف ليس للاعارة المكان المؤقت الموقع الحالى تاريخ الاكتساب اجمالي اﻻعارات رقم الطلب الباركود تاريخ اخر مشاهدة تاريخ تفعيل السعر نوع وعاء كوها
        مكتبة القاهرة الكبرى مكتبة القاهرة الكبرى 03/26/2014   947.085\S L 9984 03/26/2014 03/26/2014 كتاب
        مكتبة القاهرة الكبرى مكتبة القاهرة الكبرى 03/26/2014   947.085\S L 9985 03/26/2014 03/26/2014 كتاب

Powered By

EGPV